Un gobierno más efectivo y menos costoso : (Record no. 22507)
[ view plain ]
| 000 -CABECERA | |
|---|---|
| campo de control de longitud fija | 00907nam a2200241 a 4500 |
| 001 - NÚMERO DE CONTROL | |
| campo de control | 000023010 |
| 005 - FECHA Y HORA DE LA ÚLTIMA TRANSACCIÓN | |
| campo de control | 20240415140329.0 |
| 008 - DATOS DE LONGITUD FIJA--INFORMACIÓN GENERAL | |
| campo de control de longitud fija | 101124s1994 mx r 000 | spa d |
| 020 ## - NÚMERO INTERNACIONAL ESTÁNDAR DEL LIBRO | |
| Número Internacional Estándar del Libro | 9684098081 |
| 040 ## - FUENTE DE LA CATALOGACIÓN | |
| Centro catalogador/agencia de origen | DO-SdBNP |
| Lengua de catalogación | spa |
| Centro/agencia transcriptor | BNPHU |
| 082 ## - NÚMERO DE LA CLASIFICACIÓN DECIMAL DEWEY | |
| Número de clasificación | 353.078 |
| Número de documento/Ítem | G666u |
| 049 ## - FONDOS LOCALES (OCLC) | |
| Fondos de biblioteca | BNGR |
| 100 1# - ENTRADA PRINCIPAL--NOMBRE DE PERSONA | |
| Nombre de persona | Gore, Al |
| 9 (RLIN) | 47336 |
| 245 13 - MENCIÓN DE TÍTULO | |
| Título | Un gobierno más efectivo y menos costoso : |
| Resto del título | informe de la National Performance Review / |
| Mención de responsabilidad, etc. | Al Gore; traducción Ángel Carlos González. |
| 260 ## - PUBLICACIÓN, DISTRIBUCIÓN, ETC. | |
| Lugar de publicación, distribución, etc. | México, D.F. : |
| Nombre del editor, distribuidor, etc. | EDAMEX, |
| Fecha de publicación, distribución, etc. | 1994. |
| 300 ## - DESCRIPCIÓN FÍSICA | |
| Extensión | 413 p. ;. |
| 500 ## - NOTA GENERAL | |
| Nota general | Incluye notas al pie de páginas |
| 534 ## - NOTA SOBRE LA VERSIÓN ORIGINAL | |
| Encabezamiento principal del original | Título original : |
| Mención de título del original | Creating a government that works better and cost less |
| 650 #4 - PUNTO DE ACCESO ADICIONAL DE MATERIA--TÉRMINO DE MATERIA | |
| Término de materia o nombre geográfico como elemento de entrada | Agencias administrativas |
| 9 (RLIN) | 47337 |
| 650 #0 - PUNTO DE ACCESO ADICIONAL DE MATERIA--TÉRMINO DE MATERIA | |
| Término de materia o nombre geográfico como elemento de entrada | Administración pública |
| 9 (RLIN) | 9266 |
| 700 1# - PUNTO DE ACCESO ADICIONAL--NOMBRE DE PERSONA | |
| Nombre de persona | González, Ángel Carlos |
| Término indicativo de función/relación | tr. |
| 9 (RLIN) | 45188 |
| 730 0# - PUNTO DE ACCESO ADICIONAL--TÍTULO UNIFORME | |
| Título uniforme | Creating a government that works better and cost less |
| Lenguaje de la obra | español |
| 9 (RLIN) | 47338 |
| Estado de retiro | Estado de pérdida | Restricciones de uso | No para préstamo | Código de colección | Localización permanente | Ubicación/localización actual | Ubicación en estantería | Fecha de adquisición | Número de inventario | Total de préstamos | Signatura topográfica completa | Código de barras | Fecha visto por última vez | Precio válido a partir de | Tipo de ítem Koha |
|---|---|---|---|---|---|---|---|---|---|---|---|---|---|---|---|
| Excluido de préstamo | Monografías: Libros y Folletos | General | General | En catalogación | 24.11.2010 | LF1 | 353.078 G666u | 23010-10 | 25.06.2020 | 25.06.2020 | No se presta |
